Neural network inference for Android
Saved in:
| Main Author: | |
|---|---|
| Other Authors: | |
| Format: | Manuscript Book |
| Language: | Slovak English |
| Published: |
2025
|
| Subjects: | |
| Online Access: | http://is.stuba.sk/zp/portal_zp.pl?podrobnosti=183596 |
| Tags: |
No Tags, Be the first to tag this record!
|
MARC
| LEADER | 00000ntm a22000003a 4500 | ||
|---|---|---|---|
| 001 | stuzp105784 | ||
| 003 | SK-STU | ||
| 005 | 20250607211604.8 | ||
| 007 | ta | ||
| 008 | 150427s2015----xo-----f-mn---000-0-slo-d | ||
| 040 | |a STU |b slo | ||
| 041 | 0 | |a eng | |
| 100 | 1 | |a Lukáčik, Patrik |u 070200 |4 aut |U FIIT Fakulta informatiky a informačných technológií |T FIIT Ústav informatiky, informačných systémov a softvérového inžinierstva |X 103033 |U I200 |Y 179 |7 103033 | |
| 242 | 0 | 1 | |a Inferencia neurónových sietí na Android |y slo |
| 245 | 1 | 0 | |a Neural network inference for Android |
| 260 | |c 2025 | ||
| 650 | 4 | |a Android |2 eng | |
| 650 | 4 | |a Pytorch Mobile |2 eng | |
| 650 | 4 | |a YOLO12 |2 eng | |
| 650 | 4 | |a ONNX |2 eng | |
| 650 | 4 | |a Tensorflow Lite |2 eng | |
| 650 | 4 | |a EfficientDet |2 eng | |
| 650 | 4 | |a Object detection |2 eng | |
| 650 | 4 | |a Inference |2 eng | |
| 650 | 4 | |a Pytorch Mobile |2 slo | |
| 650 | 4 | |a ONNX |2 slo | |
| 650 | 4 | |a Tensorflow Lite |2 slo | |
| 650 | 4 | |a EfficientDet |2 slo | |
| 650 | 4 | |a YOLO12 |2 slo | |
| 650 | 4 | |a Detekcia objektov |2 slo | |
| 650 | 4 | |a Inferencia |2 slo | |
| 650 | 4 | |a Android |2 slo | |
| 700 | 1 | |a Komák, Martin |u 070200 |k Z1 |4 ths |U FIIT Fakulta informatiky a informačných technológií |T FIIT Ústav informatiky, informačných systémov a softvérového inžinierstva |X 68441 |U I200 |Y 179 |7 A000068441 | |
| 856 | 4 | |u http://is.stuba.sk/zp/portal_zp.pl?podrobnosti=183596 | |